English Cities From New To Old City Status - Statistics

General Stats
  • This quiz has been taken 25 times
  • The average score is 27 of 42
Answer Stats
Year Answer % Correct
1880 Liverpool
95%
1542 Bristol
90%
1893 Leeds
90%
1853 Manchester
90%
1889 Birmingham
85%
1919 Leicester
85%
2001 Brighton & Hove
80%
1882 Newcastle upon Tyne
80%
1928 Plymouth
80%
1926 Portsmouth
80%
1893 Sheffield
80%
1964 Southampton
80%
1951 Cambridge
75%
1897 Kingston upon Hull
75%
1897 Nottingham
75%
1542 Oxford
75%
1090 Bath
70%
1541 Chester
65%
1977 Derby
65%
1094 Norwich
65%
1992 Sunderland
65%
1937 Lancaster
60%
1072 Lincoln
60%
1925 Stoke-on-Trent
60%
1102 Coventry
55%
1109 Ely
55%
1541 Gloucester
55%
2001 Wolverhampton
55%
1897 Bradford
50%
1133 Carlisle
50%
2012 Chelmsford
50%
2002 Preston
50%
2022 Southend-on-Sea
50%
1877 Truro
50%
1888 Wakefield
50%
1541 Peterborough
45%
1227 Salisbury
45%
1540 Westminster
45%
1865 Ripon
40%
1075 Chichester
35%
1926 Salford
35%
1877 St Albans
30%
No matching quizzes found
Score Distribution
Percent of People with Each Score
Percentile by Number Answered
Your Score History
You have not taken this quiz